|
|
|
|
| LEADER |
01255nam a2200337Ia 4500 |
| 001 |
EBC1607018 |
| 003 |
MiAaPQ |
| 005 |
20200520144314.0 |
| 006 |
m o d | |
| 007 |
cr cn||||||||| |
| 008 |
111102s2012 dcua sb 000 0 eng d |
| 020 |
|
|
|z 9781475512793
|
| 020 |
|
|
|z 9781475512809
|
| 035 |
|
|
|a (MiAaPQ)EBC1607018
|
| 035 |
|
|
|a (Au-PeEL)EBL1607018
|
| 035 |
|
|
|a (CaPaEBR)ebr10627053
|
| 035 |
|
|
|a (OCoLC)813303499
|
| 040 |
|
|
|a MiAaPQ
|c MiAaPQ
|d MiAaPQ
|
| 050 |
|
4 |
|a HG178
|b .C44 2012
|
| 100 |
1 |
|
|a Chen, Sally F.
|q (Sally Fangnan),
|d 1973-
|
| 245 |
1 |
0 |
|a Exploring the dynamics of global liquidity
|h [electronic resource] /
|c by Sally Chen ...[et. al.].
|
| 260 |
|
|
|a Washington, DC :
|b International Monetary Fund,
|c 2012.
|
| 300 |
|
|
|a 46 p. :
|b ill.
|
| 490 |
0 |
|
|a IMF working paper ;
|v 12/246
|
| 504 |
|
|
|a Includes bibliographical references.
|
| 533 |
|
|
|a Electronic reproduction. Ann Arbor, MI : ProQuest, 2015. Available via World Wide Web. Access may be limited to ProQuest affiliated libraries.
|
| 650 |
|
0 |
|a Liquidity (Economics)
|
| 650 |
|
0 |
|a Economic development.
|
| 655 |
|
4 |
|a Electronic books.
|
| 710 |
2 |
|
|a ProQuest (Firm)
|
| 856 |
4 |
0 |
|u https://ebookcentral.proquest.com/lib/matrademy/detail.action?docID=1607018
|z Click to View
|